Representaciones religiosas y devociones al margen (Registro nro. 302358)

Detalles MARC
000 -ENCABEZADO
Número de control [NR] 01049 a2200253 4500
005 - FECHA Y HORA DE LA ÚLTIMA TRANSACCIÓN
control field 20160115085354.0
008 - DE LONGITUD FIJA DE DATOS DE ELEMENTOS - INFORMACIÓN GENERAL
Elementos de longitud fija [NR] 160115s2014 cl ao fr|||| 001 0 spa d
020 ## - NUMERO INTERNACIONAL NORMALIZADO PARA LIBROS [R]
Número Internacional Normalizado del libro [NR] 9789569603006
040 ## - FUENTE DE CATALOGACION [NR]
Agencia de catalogación original [NR] CO-BoUCM
Idioma de catalogación [NR] spa
Quien Cataloga Saul Niño
Quien Clasifica Saul Niño
041 0# - CODIGO DE IDIOMA [R]
Código de idioma para texto/pista de sonido o título separado [R] Español
245 00 - MENCION DE TITULO [NR]
Título [NR] Representaciones religiosas y devociones al margen
Mención de responsabilidad, etc. [NR] Luis Bahamondes González, Antonieta Vera Gajardo
260 ## - PUBLICACION, DISTRIBUCION, ETC. (PIE DE IMPRENTA) [R]
Fecha de publicación, distribución, etc. [R] 2014
Nombre del editor, distribuidor, etc. [R] Crann
-- Universidad Alberto Hurtado
Lugar de publicación, distribución, etc. [R] Santiago de Chile (Chile)
300 ## - DESCRIPCION FISICA [R]
Extensión [R] 192 páginas
Otros detalles físicos [NR] ilustraciones, fotografías
504 ## - NOTA DE BIBLIOGRAFIA, ETC. [R]
Nota de bibliografía, etc. [NR] Incluye referencias bibliográficas e índices
650 #7 - ASIENTO SECUNDARIO DE MATERIA - TERMINO TEMATICO [R]
9 (RLIN) 74746
Término temático o nombre geográfico como elemento de entrada [NR] Devociones populares
Subdivisión geográfica [R] Santiago de Chile (Chile)
650 #7 - ASIENTO SECUNDARIO DE MATERIA - TERMINO TEMATICO [R]
Término temático o nombre geográfico como elemento de entrada [NR] Devociones populares
Subdivisión geográfica [R] Ciudad de México (México)
9 (RLIN) 74747
650 #7 - ASIENTO SECUNDARIO DE MATERIA - TERMINO TEMATICO [R]
9 (RLIN) 18768
Término temático o nombre geográfico como elemento de entrada [NR] Liturgia
650 #7 - ASIENTO SECUNDARIO DE MATERIA - TERMINO TEMATICO [R]
9 (RLIN) 12128
Término temático o nombre geográfico como elemento de entrada [NR] Creencias religiosas
690 ## - ASUNTO AGREGADO LOCAL DE ENTRADA - TÉRMINO TEMÁTICO (OCLC, RLIN)
9 (RLIN) 42816
Acceso temático local Filosofía de la religión
700 1# - ASIENTO SECUNDARIO - NOMBRE PERSONAL [R]
Nombre personal [NR] Bahamondes González, Luis
Término de relación [R] editor
9 (RLIN) 74748
700 1# - ASIENTO SECUNDARIO - NOMBRE PERSONAL [R]
Nombre personal [NR] Vera Gajardo, Antonieta
Término de relación [R] editor
9 (RLIN) 74749
942 ## - ELEMENTOS DE ENTRADA AGREGADOS (KOHA)
Sistema de clasificación DEWEY
Tema principal Religión
Tipo de ítem principal el descrito en 300a Libro
Edición 1
Clasificación 242.2
Parte restante de la signatura top. R425re
Existencias
Total préstamos Signatura topográfica Código de barras Última vez visto Ejemplar Costo de reposición Price effective from Tipo de ítem Perdido Sistema de clasificación Dañado No prestable Tipo de ítem específico Suprimido Ubicación habitual Ubicación actual Localización Fecha de creación Proveedor Forma de adquisición Costo
  242.2 R425re 100148592 05/12/2025 Ej.1 26000.00 14/01/2016 Libro   DEWEY     Libro   Claustro Claustro 2do piso 14/01/2016 12 Donación 0.00